| 000 | 01201cam a2200325 4500 | ||
|---|---|---|---|
| 001 | |||
| 008 | 000000n2000 000 0 eng u | ||
| 020 | _a1860814247 | ||
| 035 | _a(Sirsi) u109060 | ||
| 050 | _a690.25 | ||
| 100 | _aHarrison, H. W. | ||
| 245 |
_aBRE building elements _bbuilding services : performance, diagnosis, maintenance, repair and the avoidance of defects. |
||
| 260 |
_aLondon _bCRC Ltd. _c2000 |
||
| 300 | _aviii, 262p. ill. ; 30cm. | ||
| 350 | _a45.00 | ||
| 490 |
_aBR _v404 |
||
| 520 | _aThis text book provides construction professionals concerned with the maintenance, repair, extension and renewal of the national building stock - with the latest 'best practice' advice on how to improve productivity, reduce construction time and minimise accidents. Extensively illustrated with supporting photographs and drawings. | ||
| 650 | _aHEATING | ||
| 650 | _aPLUMBING | ||
| 650 | _aBOILERS | ||
| 650 | _aVENTILATION | ||
| 650 | _aRADIATORS | ||
| 650 | _aELECTRICITY | ||
| 650 | _aHOT WATER | ||
| 650 | _aLIGHTING | ||
| 690 | _aBUILT ENVIRONMENT-BUILDING PATHOLOGY | ||
| 700 | _aTrotman P. M. | ||
| 710 | _aBuilding Research Establishment | ||
| 942 | _n0 | ||
| 999 |
_c100876 _d100876 |
||